Determinanty rozvoja jednodňovej zdravotnej starostlivosti na Slovensku

Súčasný stav jednodňovej zdravotnej starostlivosti v zahraničí a na Slovensku. Determinanty kvality jednodňovej zdravotnej starostlivosti. Bariéry rozvoja.

Uložené v:
Podrobná bibliografia
Hlavný autor: Gavurová, Beáta, 1972-
Ďalší autori: Hyránek, Eduard, 1955-
Médium: Kapitola
Jazyk:Slovak
Predmet:
Tagy: Pridať tag
Žiadne tagy, Buďte prvý, kto otaguje tento záznam!

MARC

LEADER 00000naa a2200000 4500
001 0167352
005 20240502072923.0
041 0 |a slo 
044 |a SK 
245 1 0 |a Determinanty rozvoja jednodňovej zdravotnej starostlivosti na Slovensku  |c Beáta Gavurová, Eduard Hyránek 
520 |a Súčasný stav jednodňovej zdravotnej starostlivosti v zahraničí a na Slovensku. Determinanty kvality jednodňovej zdravotnej starostlivosti. Bariéry rozvoja. 
610 2 0 |a starostlivosť zdravotná 
610 2 0 |a Slovensko 
610 2 0 |a kvalita 
610 2 0 |a financovanie 
610 2 0 |a zariadenia zdravotnícke 
100 1 |a Gavurová, Beáta, 1972- 
700 1 |a Hyránek, Eduard, 1955-